Proyecto y planificación (Record no. 136346)

MARC details
000 -LEADER
fixed length control field 01031nam a22002537a 4500
005 - DATE AND TIME OF LATEST TRANSACTION
control field 20260522112105.0
008 - FIXED-LENGTH DATA ELEMENTS--GENERAL INFORMATION
fixed length control field 170824b mx ||||| |||| 00| 0 spa d
020 ## - INTERNATIONAL STANDARD BOOK NUMBER
International Standard Book Number 9686085505 (v.5)
050 04 - LIBRARY OF CONGRESS CALL NUMBER
Classification number LB3325
Item number W55 1982
050 04 - LIBRARY OF CONGRESS CALL NUMBER
Classification number LB3205
Item number P76 1982
240 10 - UNIFORM TITLE
Uniform title Bauten für Berufsausbildung.
Language of a work Español.
245 00 - TITLE STATEMENT
Title Proyecto y planificación
Statement of responsibility, etc / Friedemann Wild,...[et al.] ; redacción Ingeborg Nebel ; versión española Francisco García de Paredes.
246 14 - VARYING FORM OF TITLE
Title proper/short title P+P
250 ## - EDITION STATEMENT
Edition statement 3a ed.
260 ## - PUBLICATION, DISTRIBUTION, ETC. (IMPRINT)
Place of publication, distribution, etc México :
Name of publisher, distributor, etc Ediciones Gustavo Gili,
Date of publication, distribution, etc 1982.
300 ## - PHYSICAL DESCRIPTION
Extent v. :
Other physical details il. ;
Dimensions 27 cm.
490 0# - SERIES STATEMENT
Series statement Proyecto y Planificación
505 1# - FORMATTED CONTENTS NOTE
Title V.5 Edificios para enseñanzas profesionales, Talleres-escuelas, Escuelas de formación profesional, Centros de capacitación.
Statement of responsibility / Friedemann Wild.
650 #7 - SUBJECT ADDED ENTRY--TOPICAL TERM
Source of heading or term lemb
Topical term or geographic name as entry element Ciudades universitárias
General subdivision Planificación
700 1# - ADDED ENTRY--PERSONAL NAME
Personal name Wild, Friedemann,
Relator term autor
700 1# - ADDED ENTRY--PERSONAL NAME
Personal name Nebel, Ingeborg,
Relator term colaborador
700 1# - ADDED ENTRY--PERSONAL NAME
Personal name García de Paredes, Francisco,
Relator term traductor
942 ## - ADDED ENTRY ELEMENTS (KOHA)
Source of classification or shelving scheme Biblioteca del Cogreso de los Estados Unidos
Koha item type Libro
Holdings
Estado de pérdida Fuente de clasificación Estado del daño No para préstamo Ubicación permanente Ubicación actual Apartado o colección Fecha de adquisición Edición Enumeración de Serie / Cronológica Área del conocimiento Clasificación Código de Barras Date last seen Número de copia Costo por reposición Tipo de recurso Total Checkouts
  Biblioteca del Cogreso de los Estados Unidos     Biblioteca de la Facultad de Arquitectura Biblioteca de la Facultad de Arquitectura General 25/08/2017 3a ed. V:5 Educación y Humanidades LB3205 P76 1982 BFA000002587 25/08/2017 1 1.00 Libro  
  Biblioteca del Cogreso de los Estados Unidos     Biblioteca de la Facultad de Arquitectura Biblioteca de la Facultad de Arquitectura General 25/08/2017 3a ed. V:5 Educación y Humanidades LB3205 P76 1982 BFA000002588 25/08/2017 2 1.00 Libro  
  Biblioteca del Cogreso de los Estados Unidos     Biblioteca de la Facultad de Arquitectura Biblioteca de la Facultad de Arquitectura General 25/08/2017 3a ed. V:5 Educación y Humanidades LB3205 P76 1982 BFA000002589 25/08/2017 3 1.00 Libro  
  Biblioteca del Cogreso de los Estados Unidos     Biblioteca de la Facultad de Arquitectura Biblioteca de la Facultad de Arquitectura General 25/08/2017 3a ed. V:5 Educación y Humanidades LB3205 P76 1982 BFA000002590 25/08/2017 4 1.00 Libro  
  Biblioteca del Cogreso de los Estados Unidos     Biblioteca de la Facultad de Arquitectura Biblioteca de la Facultad de Arquitectura General 25/08/2017 3a ed. V:5 Educación y Humanidades LB3205 P76 1982 BFA000002591 25/08/2017 5 1.00 Libro  
  Biblioteca del Cogreso de los Estados Unidos     Biblioteca de la Facultad de Arquitectura Biblioteca de la Facultad de Arquitectura General 22/05/2026 3a ed. V:5 Educación y Humanidades LB3205 P76 1982 BFA000006351 22/05/2026 6 1.00 Libro